| 000 | 00476cam a2200193 4500 | ||
|---|---|---|---|
| 001 | D8931 | ||
| 008 | 090401t1976 xxu||||| |||| 00| 0 eng d | ||
| 035 | _a(Sirsi) u16238 | ||
| 041 | _aeng | ||
| 050 | _a692.5 | ||
| 110 |
_aDavisBelfield and Everest _93167 |
||
| 245 | _aSpon`s architects` and builders` price book 1977 | ||
| 250 | _a102nd | ||
| 260 |
_aLondon _bE & F N Spon _c1976 |
||
| 300 | _axviii. 514p. 22cm | ||
| 350 | _a5.9 | ||
| 942 | _n0 | ||
| 948 | _c04/03/1997 | ||
| 999 |
_c87403 _d87403 |
||